000 00680nam a2200217Ii 4500
003 JO-AjNU
008 230606s9999||||xx |||||||||||||| ||und||
020 _a978-0-13-292729-1/0-13-292729-2
040 _aJO-AjNU
_beng
_erda
_cJO-AjNU
041 _aeng
050 1 4 _aTH146.M4288 2013
100 3 _aMehta , Madan /Walter scarboough/ Diane Armpriest,
_eauthor
_94311
245 0 0 _aBuilding Construcations principls, materials, and systems
250 _a2 ed
264 3 1 _aNew Jersy:pearson,2014
300 _a941p
336 _atext
_btxt
_2rdacontent
337 _aunmediated
_bn
_2rdamedia
338 _avolume
_bnc
_2rdacarrier
650 4 _aBuilding Construcations
_94312
999 _aE2241
_c2239
_d2239